000 00737pam a2200229 a 4500
001 1597589
005 20180222035552.0
008 940613s1995 caua b 001 0 eng
010 _a 94028114
020 _a0818665270 (pbk.)
040 _aDLC
_cDLC
_dDLC
041 _aeng
080 _a004.35
082 0 0 _a004.35 TOR
_220
100 1 _a30
101 _aSHKI
245 1 0 _aInstruction-level parallel processors /
_cH.C. Torng and Stamatis Vassiliadis.
504 _aIncludes bibliographical references (p. 457-461) and index.
906 _a7
_bcbc
_corignew
_d1
_eocip
_f19
_gy-gencatlg
942 _2ddc
_cBK
999 _c43127
_d43127